000 00368 a2200169 4500
001 50277
020 _a9788516119638
040 _cAnchieta - Bela Vista
100 _aDias, Andréa de Fatima
240 1 0 _aEra uma vez...3
_lpor
245 1 0 _aEra uma vez...3
300 _a64
362 0 _a2019
440 1 _aModerna
650 4 _aLiteratura juvenil
942 _cBK
999 _c50277
_d50277